000 00331nam a2200157Ia 4500
100 _aPaeg/H
650 _aElectrical Engineering
490 _v38
942 _cRB
654 _aCapacitor
245 _aPower Factor Correction
260 _bWiley Eastern.
_aNEW DELHI
_c1991
300 _a62
546 _aENGLISH
999 _c20329
_d20329